00474 2200181 4500001002100000005001700021006001900038008004100057020001800098035002500116041000700141082000800148090001400156100001400170245004300184260004000227300002500267INLIS00000000000201820140311113037.0a ||| | 180719| ||| | id  a979-3785-32-2 a0010-031300000002018 aid0 a813 a813 GON c0 aGola Gong00aClay; Cinta dalam Segenggam tanah liat aJakartabCakrawala Publishingc2005 avi, 178 hal, 17,5 cm